Tanzimattan günümüze İstanbul'da sivil toplum kuruluşları (Record no. 6371)

MARC details
000 -BAŞLIK
Sabit Uzunlukta Kontrol Alanı 00758na a2200241 4500
001 - KONTROL NUMARASI
Denetim Alanı 19343
003 - KONTROL NUMARASI IDENTIFIER
Denetim Alanı MIRAKIL
005 - SON İŞLEM TARİHİ VE ZAMANI
Denetim Alanı 20181213155106.0
008 - SABİT-BOY VERİ ELEMANLARI - GENEL BİLGİLER
Sabit Uzunlukta Kontrol Alanı 161213b tu 000 0
020 ## - ULUSLARARASI STANDART KİTAP NUMARASI
Uluslararası Standart Kitap Numarası 9757306282
040 ## - KATALOGLAMA KAYNAK
Orijinal Kataloglama Ajansı Milas
Kataloglama Dili tur
Metne Dönüştürmek Ajansı TR-AnCHP
041 ## - DİL KODU
Metin / Ses Parça Veya Ayrı Başlığın Dil Kodu tur
082 ## - DEWEY ONLU SINIFLANDIRMA NUMARASI
Sınıflandırma Numarası 366.0681
Ürün Numarası Y91 1998
090 ## - SINIFLAMA NUMARASI
Sınıflama Numarası 366.0681 Y91 1998
100 ## - ANA GİRİŞ - KİŞİSEL İSİM
Kişisel Ad Yücekök, Ahmet N.
245 ## - BAŞLIK TABLOSU
Başlık Tanzimattan günümüze İstanbul'da sivil toplum kuruluşları
Sorumluluk Tablosu, Vb Ahmet N. Yücekök, İlter Turan, Mehmet Alkan ; yayıma hazırlayan Osman Köker
260 ## - YAYIN, DAĞITIM, VB
Yayın, Dağıtım, Vb Yeri İstanbul
Yayıncı, Dağıtıcı, Vs Adı Türkiye Ekonomik ve Toplumsal Tarih Vakfı
Yayın, Dağıtım, Vb Tarihi 1998
300 ## - FİZİKSEL TANIM
Kapsam 227 s.
Diğer Fiziksel Ayrıntıları tbl.
Boyutlar 24 sm.
700 ## - KATMA GİRİŞ - KİŞİSEL İSİM
Kişisel Ad Köker, Osman
700 ## - KATMA GİRİŞ - KİŞİSEL İSİM
Kişisel Ad Alkan, Mehmet
700 ## - KATMA GİRİŞ - KİŞİSEL İSİM
Kişisel Ad Turan, İlter
942 ## - EKLENDİ GİRİŞ ELEMANLARI (KOHA)
Sınıflandırma Veya Raf Düzeni Kaynak
Koha Öğesi Türü Books
999 ## - SİSTEM KONTROL NUMARALARI (KOHA)
Koha Biblionumber 6371
Koha Biblioitemnumber 6371
Holdings
Kalıcı Konum Mevcut Konum Edinme Tarihi Edinim Kaynak Toplam Check-Out'Lar Tam Çağrı Numarası Barkod Tarih Son Görülme İtibaren Geçerli Fiyatlar Koha Öğesi Türü
CHP Kütüphanesi CHP Kütüphanesi 12/13/2016 Bağış   366.0681 Y91 1998 010668 12/13/2016 12/13/2016 Books